000 00615nam a2200217Ia 4500
005 20241129110141.0
008 241129s9999||||xx |||||||||||||| ||und||
020 _a978-977-468-147-0
037 _aTB
040 _aARTS
_beng
_cARTS
041 _aeng
_2ara
084 _aO28:g Q4
_qARTS
100 _aKhaleeq D M Yousuf Au.
_9727407
245 0 _aQaraiat naqadia fi taheel atnahaj wa al-royah
_cKhaleeq D M Yousuf Au.
260 _aCairo, Egypt
_bDarul ghareeb
_c2023
300 _a211p.
365 _aINR
_b690
650 _aArabic Literature
942 _cTB
_hO28:g Q4
999 _c1227494
_d1227494